| 000 | 00765nam a2200217 i 4500 | ||
|---|---|---|---|
| 001 | 65383 | ||
| 003 | ES-MaACL | ||
| 005 | 20231229063018.0 | ||
| 007 | t| | ||
| 008 | 040112s1976 sp ||||1| spa d | ||
| 020 | _a84-320-5625-1 | ||
| 100 | 1 |
_aFranco Salgado-Araujo, Francisco, _d1890-1975 _952265 |
|
| 245 | 1 | 0 |
_aMis conversaciones privadas con Franco / _cTeniente General Francisco Franco Salgado-Araujo. |
| 260 |
_aBarcelona : _bPlaneta, _c[1976] |
||
| 300 |
_a564 p. : _bil. ; _c25 cm. |
||
| 490 | 1 |
_aEspejo de España. Serie Biografías y memorias ; _v25 |
|
| 830 | 0 |
_aEspejo de España. Biografías y memorias _v25 _9180516 |
|
| 852 |
_aES-MaACL _jA-7742 _bR.97357 |
||
| 852 |
_aES-MaACL _jL-6507 _bR.107357 |
||
| 999 |
_c65383 _d65383 |
||